000 00351nam a2200169Ia 4500
003 0100
008 130303s9999 xx 000 0 und d
040 _cARRUPELIB
050 _aBL535.H52
100 _aHick, John
245 _aDeath and eternal life
260 _aNY
260 _bHarper Row
260 _C1976
300 _a495p
942 0 0 _01
999 _c28763
_d28763